Enchanted (TV) - Taylor Swift (All Lyrics) - Statistics

General Stats
  • This quiz has been taken 820 times
    279 since last reset
  • The average score is 326 of 391
Answer Stats
Lyrics % Correct
I
99%
to
98%
was
98%
you
97%
you"
97%
you)
97%
me
96%
my
96%
My
96%
the
96%
The
96%
enchanted
95%
do
94%
in
94%
meet
94%
don't
92%
Don't
92%
it
92%
again
91%
"Have
91%
have
91%
is
91%
love?
91%
love
91%
There
91%
who
90%
All
89%
all
89%
This
88%
we
88%
your
88%
Your
88%
and
87%
And
87%
I'm
87%
tonight
87%
be
86%
enchanting
86%
go
86%
let
86%
night
86%
Please,
86%
(Please,
86%
way
86%
with
86%
else
85%
else)
85%
say
85%
someone
85%
eyes
84%
faking
84%
on
84%
smiles
84%
wonder
84%
Forcing
82%
home
82%
met?"
82%
can
81%
laughter,
81%
somebody
81%
sparklin',
81%
waitin'
81%
if
79%
Not
79%
when
79%
forever
78%
knew
78%
Same
77%
wonderin'
77%
Wonderin'
77%
face
76%
I'll
76%
old
76%
where
76%
of
75%
place
75%
whispered,
75%
lonely
74%
saw
74%
wonderstruck,
74%
wonderstruck
74%
make
73%
its
72%
room,
72%
see
72%
tired,
72%
AM,
71%
first
71%
(Oh
71%
oh)
71%
very
71%
2
70%
that
70%
Until
70%
back
69%
quick
69%
remarks
69%
will
69%
spend
68%
Starts
68%
starts
68%
up
68%
too
67%
Vanished
67%
ends
66%
Across
65%
are
65%
As
65%
name
65%
page
65%
passing
65%
secrecy
65%
These
65%
Walls
65%
were
65%
blushin'
64%
dancing
64%
Dancing
64%
know
64%
leaving
64%
now,
64%
soon
64%
storyline
64%
awake
63%
words
63%
at
62%
conversation
62%
door
62%
echo
62%
held
62%
Like
62%
silhouette
62%
thoughts
62%
vacancy
62%
wide
62%
would
62%
I'd
61%
kept
61%
notes
61%
question
61%
'til
61%
Counter
60%
alone
59%
insincerity
59%
Wishing
59%
forth
58%
playful
58%
Shifting
58%
pacing
56%
praying
56%
flawless,
54%
flawless
54%
"Hey,
53%
open
52%
around
51%
lingering
51%
(Ooh)
31%
No matching quizzes found
Score Distribution
Percent of People with Each Score
Percentile by Number Answered
Your Score History
You have not taken this quiz since the last reset